Production Technology (Record no. 5205)

MARC details
000 -LEADER
fixed length control field 00337nam a2200145Ia 4500
008 - FIXED-LENGTH DATA ELEMENTS--GENERAL INFORMATION
fixed length control field 191201s2012 xx 000 0 und d
082 ## - DEWEY DECIMAL CLASSIFICATION NUMBER
Classification number 670
Item number JAP
100 ## - MAIN ENTRY--PERSONAL NAME
Personal name JAIN,R.K
245 #0 - TITLE STATEMENT
Title Production Technology
250 ## - EDITION STATEMENT
Edition statement Rep
260 ## - PUBLICATION, DISTRIBUTION, ETC. (IMPRINT)
Place of publication, distribution, etc N.Delhi
Name of publisher, distributor, etc Khanna Publisher
Date of publication, distribution, etc 2012
300 ## - PHYSICAL DESCRIPTION
Extent 1090
650 ## - SUBJECT ADDED ENTRY--TOPICAL TERM
Topical term or geographic name as entry element B.Tech(ME)
942 ## - ADDED ENTRY ELEMENTS (KOHA)
Source of classification or shelving scheme Dewey Decimal Classification
Koha item type Text Books
942 ## - ADDED ENTRY ELEMENTS (KOHA)
-- 3
Holdings
Withdrawn status Lost status Source of classification or shelving scheme Damaged status Not for loan Collection code Home library Current library Date acquired Source of acquisition Cost, normal purchase price Bill Number Total Checkouts Full call number Acc. no. / Barcode Date last seen Bill Date Koha item type Date last borrowed
    Dewey Decimal Classification     B.Tech(ME) PIET C-LIBRARY PIET C-LIBRARY 16/03/2012 IBH, New Delhi 475.00 20219   670 JAP 19150 04/12/2019 13/03/2012 Text Books  
    Dewey Decimal Classification     B.Tech(ME) PIET C-LIBRARY PIET C-LIBRARY 16/03/2012 IBH, New Delhi 475.00 20219 1 670 JAP 19151 28/12/2020 13/03/2012 Text Books 25/11/2020
    Dewey Decimal Classification     B.Tech(ME) PIET C-LIBRARY PIET C-LIBRARY 16/03/2012 IBH, New Delhi 475.00 20219 1 670 JAP 19152 05/02/2021 13/03/2012 Text Books 08/01/2021
    Dewey Decimal Classification     B.Tech(ME) PIET C-LIBRARY PIET C-LIBRARY 16/03/2012 IBH, New Delhi 475.00 20219 1 670 JAP 19153 01/02/2021 13/03/2012 Text Books 08/01/2021
    Dewey Decimal Classification     B.Tech(ME) PIET C-LIBRARY PIET C-LIBRARY 16/03/2012 IBH, New Delhi 475.00 20219 1 670 JAP 19154 08/01/2020 13/03/2012 Text Books 21/12/2019

Design & Developed by: PIET Central Library
R70 Miles Stone Pattikalyana Samalkha Panipat 132102
mail ID :- [email protected], Phone No:- 0180-2569700 Ex.216